[Event "Jakarta"]
[Site "Jakarta"]
[Date "1994.??.??"]
[Round "10"]
[White "Xu Jun"]
[Black "Ye Rongguang"]
[Result "1-0"]
[WhiteElo "2550"]
[BlackElo "2500"]

1.d4 d5 2.c4 c6 3.Nf3 Nf6 4.Qb3 dxc4 5.Qxc4 Bf5 6.g3 e6 7.Bg2 Nbd7 8.O-O Be7
9.e3 O-O 10.Qe2 a5 11.Rd1 Qc7 12.Nc3 Ne4 13.Nd2 Nxc3 14.bxc3 Bc2 15.Re1 Bg6
16.e4 e5 17.Nc4 f6 18.Rd1 b5 19.Ne3 Nb6 20.h4 Rfd8 21.h5 Bf7 22.Nf5 Bf8 23.f4 Na4
24.Bd2 exd4 25.cxd4 Be6 26.Be1 Bb4 27.Qc2 Qd7 28.Kh2 Rac8 29.h6 g6 30.Ng7 Bg4
31.Rd3 Nc5 32.Bxb4 Nxd3 33.Bxa5 Qxd4 34.Bxd8 Rxd8 35.Qb3+ Qc4 36.Qa3 Qc5
37.Qxc5 Nxc5 38.Rc1 Nd3 39.Rxc6 Ne1 40.Rc1 Nxg2 41.Kxg2 Rd2+ 42.Kg1 Rd3 43.Kf2 Rd2+
44.Ke3 Rxa2 45.Rc7 Ra3+ 46.Kd4 Be2 47.Rb7 Rd3+ 48.Kc5 Rd8 49.Ne6 Re8 50.Rg7+ Kh8
51.Rf7 Bg4 52.Nc7 Rc8 53.Kxb5 Kg8 54.Rg7+ Kh8 55.Re7 Bf3 56.Nd5 Rf8 57.Nxf6  1-0

[Event "Karditsa"]
[Site "Karditsa"]
[Date "1994.??.??"]
[Round "3"]
[White "Mastrokoukos, Georgios"]
[Black "Pandavos, Panayotis"]
[Result "0-1"]
[WhiteElo "2385"]
[BlackElo "2380"]

1.d4 Nf6 2.Nf3 d5 3.c4 c6 4.Qc2 dxc4 5.Qxc4 Bf5 6.g3 Nbd7 7.Bg2 e6 8.O-O Be7
9.Nc3 Ne4 10.e3 O-O 11.Nd2 Nd6 12.Qe2 e5 13.dxe5 Nxe5 14.e4 Bg4 15.f3 Be6
16.b3 Nb5 17.Nxb5 cxb5 18.Kh1 Qd4 19.Rb1 Nd3 20.f4 Bc5 21.f5 Bd7 22.h3 Rfe8
23.b4 Bxb4 24.Nf3 Qxe4 25.Qxe4 Rxe4 26.Ng5 Rc4 27.Be3 h6 28.Rfd1 hxg5 29.g4 Ne5
30.Bd4 Nc6  0-1

[Event "Karditsa"]
[Site "Karditsa"]
[Date "1994.??.??"]
[Round "10"]
[White "Mastrokoukos, Georgios"]
[Black "Andrianov, Nikolai"]
[Result "1/2-1/2"]
[WhiteElo "2385"]
[BlackElo "2435"]

1.d4 d5 2.c4 c6 3.Nf3 Nf6 4.Qc2 dxc4 5.Qxc4 Bf5 6.g3 e6 7.Bg2 Nbd7 8.O-O Be7
9.Nc3 O-O 10.e3 Ne4 11.Nd2 Nd6 12.Qe2 e5 13.d5 cxd5 14.Nxd5 Nf6 15.Nxe7+ Qxe7
16.b3  1/2-1/2

[Event "JUG-ch sf"]
[Site "Kladovo"]
[Date "1994.??.??"]
[Round "?"]
[White "Arsovic, Zoran"]
[Black "Petronic, Jovan"]
[Result "1/2-1/2"]
[WhiteElo "2325"]
[BlackElo "2465"]

1.d4 c6 2.c4 d5 3.Nf3 Nf6 4.Qc2 e6 5.cxd5 exd5 6.Bg5 Nbd7 7.Nc3 Be7 8.e3 O-O
9.Bd3 Re8 10.O-O Nf8 11.Bxf6 Bxf6 12.b4 Bg4 13.Nd2 Rc8 14.Bf5 Bxf5 15.Qxf5  1/2-1/2

[Event "LAT-ch"]
[Site "?"]
[Date "1994.??.??"]
[Round "4"]
[White "Petkevich, Jusefs"]
[Black "Sokolovs, Andrei"]
[Result "0-1"]
[WhiteElo "2445"]
[BlackElo "2515"]

1.d4 d5 2.c4 c6 3.Qc2 Nf6 4.Nf3 e6 5.e3 Nbd7 6.Nc3 Bd6 7.Bd3 O-O 8.O-O Qe7
9.Bd2 e5 10.cxd5 cxd5 11.e4 exd4 12.Nxd5 Nxd5 13.exd5 Ne5 14.Nxe5 Qxe5 15.Bxh7+ Kh8
16.f4 Qxd5 17.Bd3 Bd7 18.Qd1 Bb5 19.Rf3 Bxd3 20.Rxd3 Qf5 21.Rh3+ Kg8 22.Qf3 g6
23.Qf2 Qf6 24.f5 Rfe8 25.Rf1 Rad8 26.Rf3 g5 27.Rh3 d3 28.Rh5 Bf4 29.Bxf4 gxf4
30.Qf3 d2 31.Qg4+ Kf8 32.Qh3 Qd4+ 33.Kh1 d1=Q 34.Rh8+ Ke7  0-1

[Event "Lisbon-ch"]
[Site "Lisbon"]
[Date "1994.??.??"]
[Round "4"]
[White "Pereira, Alvaro"]
[Black "Santos, Marco"]
[Result "1-0"]
[WhiteElo "2280"]
[BlackElo "2000"]

1.d4 d5 2.c4 c6 3.Nf3 Nf6 4.Qb3 dxc4 5.Qxc4 b5 6.Qc2 Bb7 7.a4 a6 8.Nbd2 Nbd7
9.Nb3 e6 10.Bd2 Rc8 11.Ba5 Qe7 12.Rc1 c5 13.axb5 axb5 14.Nxc5 Nxc5 15.dxc5 Qxc5
16.Qxc5 Bxc5 17.e3 Bxf3 18.Bxb5+ Nd7 19.gxf3 Bb4+ 20.Ke2 Rxc1 21.Rxc1 Bxa5
22.b4 Bb6 23.Rd1 O-O 24.Rxd7 Rb8 25.Bc6 Kf8 26.Rb7 Rxb7 27.Bxb7 Bc7 28.f4 Bd6
29.b5 Bc7 30.h3 Ke7 31.Be4 h6 32.f5 Bb6 33.fxe6 fxe6 34.Kd3 Kf6 35.Bc6 g5
36.Ke4 Bc5 37.Be8 Bb6 38.Kf3 Ba5 39.Kg4 Ke7 40.Bc6 Kf6 41.Kh5 Be1 42.b6 Bxf2
43.b7 Bg3 44.Kxh6 Bb8 45.Bf3 Bc7 46.Bg4 Bd6 47.Kh5 Bb8 48.Bf3 Kf5 49.Bg4+ Kf6
50.Be2 Kf5 51.Bd3+ Kf6 52.Kh6 Be5 53.Bc2 Bd6 54.Kh7 Kf7 55.Bg6+ Kf6 56.Bh5 Bc7
57.Kg8 Ke5 58.Bf3 Kf6 59.Kf8 e5 60.Bg4 e4 61.Ke8 Ke5 62.Kd7 Bd6 63.Kc8 Kd5
64.Bf5  1-0

[Event "Litomysl op"]
[Site "Litomysl"]
[Date "1994.??.??"]
[Round "?"]
[White "Kalinin, Oleg"]
[Black "Svatos, Jan"]
[Result "1-0"]
[WhiteElo "2395"]
[BlackElo "2280"]

1.d4 Nf6 2.Nf3 d5 3.c4 c6 4.Qc2 g6 5.Bf4 Bg7 6.e3 O-O 7.Nc3 Qa5 8.a3 Bf5
9.Qb3 dxc4 10.Bxc4 b5 11.Bxf7+ Rxf7 12.Bxb8 Rxb8 13.Ne5 e6 14.Nxc6 Qb6 15.Nxb8 Qxb8
16.Rd1 Ng4 17.Rd2 Nxh2 18.Qxb5 Rb7 19.Qe2 Bg4 20.f3 Rf7 21.fxg4 Qg3+ 22.Kd1 Nxg4
23.Kc1 Rf2 24.Ne4 Rxe2 25.Nxg3 Rxe3 26.Ne2 Bh6 27.Kb1 Bg5 28.Rc2 Nf6 29.Rc8+ Kg7
30.Rc7+ Kg8 31.Nc3 Rg3 32.Re1 Rxg2 33.Rxe6 h5 34.Ne4 Nxe4 35.Re8+  1-0

[Event "London op"]
[Site "London"]
[Date "1994.??.??"]
[Round "4"]
[White "Sakhatova, Elvira"]
[Black "Summerscale, Aaron"]
[Result "1/2-1/2"]
[WhiteElo "2290"]
[BlackElo "2410"]

1.d4 d5 2.Nf3 Nf6 3.c4 c6 4.g3 Bf5 5.Nc3 e6 6.Bg2 Nbd7 7.cxd5 cxd5 8.O-O h6
9.Qb3 Qb6 10.Qxb6 a6 11.Bf4 Be7 12.Nb5 O-O 13.Rfc1 Rfc8 14.a3 Ne8 15.Ne1 g5
16.Bd2 Nd6 17.Nxd6 Bxd6 18.f3 Nf6 19.Rxc8+ Rxc8 20.Rc1 Rxc1  1/2-1/2

[Event "London op"]
[Site "London"]
[Date "1994.??.??"]
[Round "6"]
[White "Sakhatova, Elvira"]
[Black "Lodhi, Mahmood"]
[Result "1-0"]
[WhiteElo "2290"]
[BlackElo "2475"]

1.d4 Nf6 2.Nf3 d5 3.c4 c6 4.g3 dxc4 5.Bg2 Nbd7 6.O-O e6 7.Qc2 b5 8.b3 cxb3
9.Qxc6 Rb8 10.axb3 Bb7 11.Qc2 Qb6 12.Bd2 b4 13.Bf4 Rc8 14.Qa2 Nd5 15.Qxa7 Nxf4
16.gxf4 Bd6 17.Qxb6 Nxb6 18.Ne5 Bxg2 19.Kxg2 Nd5 20.e3 Bxe5 21.dxe5 O-O 22.Nd2 Rc2
23.Nc4 Rc8 24.Kf3 Rc3 25.Rfb1 g6 26.Nd6 Rf8 27.Ne4 Rc2 28.Nf6+ Kg7 29.Nxd5 exd5
30.Rd1 Rb2 31.Rxd5 Rxb3 32.Ra7 Rb1 33.Rb7 b3 34.Rdb5 b2 35.Rxb2 Rxb2 36.Rxb2 Ra8
37.Rb7 Ra6 38.Rd7 Kf8 39.Rd6 Ra8 40.Rb6 Ke7 41.e6 f5 42.Rb7+ Kxe6 43.Rxh7 Kf6
44.h4 Ra2 45.h5 gxh5 46.Rxh5 Kg6 47.Rh1 Ra6 48.Rb1 Kf6 49.Kg3 Rc6 50.Rb3 Kg6
51.f3 Re6 52.Kf2 Kf6 53.Rb4 Ra6 54.e4 fxe4 55.fxe4 Ra3 56.Rb6+ Kf7 57.Ke2 Ke7
58.e5 Kf7 59.Rd6 Ke7 60.Rd3 Ra1 61.Kf3 Rf1+ 62.Ke4 Re1+ 63.Kf5 Rh1 64.Ra3 Rh5+
65.Ke4 Rh4 66.Ra7+ Ke6 67.Rg7 Rh5 68.f5+  1-0

[Event "Lloyds Bank op"]
[Site "London"]
[Date "1994.??.??"]
[Round "7"]
[White "Kataev, Simcho"]
[Black "Rotman, Daniel"]
[Result "0-1"]
[WhiteElo "2385"]
[BlackElo "2240"]

1.d4 d5 2.Nf3 c6 3.c4 Nf6 4.Qb3 dxc4 5.Qxc4 Bf5 6.Nc3 Nbd7 7.g3 e6 8.Bg2 Be7
9.O-O O-O 10.h3 h6 11.Rd1 Bc2 12.a4 Bxd1 13.Nxd1 c5 14.dxc5 Nxc5 15.Nc3 Rc8
16.Be3 Nce4 17.Qb3 Bc5 18.Nxe4 Nxe4 19.Qxb7 Nd6 20.Qb3 Rb8 21.Qd3 Bxe3 22.Qxe3 Qb6
23.Qf4 Qxb2 24.Rd1 Nf5 25.g4 Rb4 26.Qd2 Qxd2 27.Rxd2 Ne7 28.Rd7 Nc8 29.a5 Ra4
30.Ne5 Rxa5 31.Nc6 Ra1+ 32.Kh2 a5 33.Rb7 Nd6 34.Ra7 a4 35.Ra6 Nc4 36.Be4 Re8
37.f4 a3 38.Bd3 Ne3 39.Ra7 Nd5 40.f5 exf5 41.Bc4 f4 42.Nd4 Ne7 43.Nc2 Rc1
44.Nxa3 Rxc4 45.Nxc4 Nd5 46.Kg2 Rxe2+ 47.Kf3 Rh2 48.Ke4 Ne3 49.Ne5 Rxh3 50.Kxf4 Nd5+
51.Ke4 Nf6+ 52.Kf4 Rh1 53.Ra8+ Kh7 54.Rf8 Rf1+ 55.Kg3 Ne4+ 56.Kg2 Rf2+ 57.Kg1 Rf4
58.Rxf7 Rxf7 59.Nxf7 Kg6 60.Nd8 Nf6 61.Kg2 Nxg4  0-1

[Event "Lloyds Bank op"]
[Site "London"]
[Date "1994.??.??"]
[Round "9"]
[White "Davies, Nigel R"]
[Black "Ferguson, Mark"]
[Result "1/2-1/2"]
[WhiteElo "2510"]
[BlackElo "2330"]

1.d4 d5 2.c4 c6 3.Nf3 Nf6 4.Qb3 Qb6 5.Nc3 Na6 6.c5 Qxb3 7.axb3 Bf5 8.e4 Bc8
9.Bxa6 bxa6 10.Ne5 Bb7 11.exd5 Nxd5 12.O-O f6 13.Nxd5 cxd5 14.Nd3 Kd7 15.Nb4 e6
16.Re1 Be7 17.c6+ Bxc6 18.Nxc6 Kxc6 19.Rxe6+ Kd7 20.Rexa6 Rhb8 21.Rxa7+ Rxa7
22.Rxa7+ Ke6 23.Kf1 Rxb3 24.Ke2 Rb4 25.Kd3 f5 26.Ra6+ Kd7 27.Ra7+ Ke6  1/2-1/2

[Event "CRO-chT"]
[Site "Makarska"]
[Date "1994.??.??"]
[Round "2"]
[White "Kozul, Zdenko"]
[Black "Varga, Zoltan"]
[Result "1-0"]
[WhiteElo "2575"]
[BlackElo "2470"]

1.d4 d5 2.c4 dxc4 3.Nf3 c6 4.g3 b5 5.Bg2 Bb7 6.Ne5 Nd7 7.O-O Ngf6 8.a4 Nxe5
9.dxe5 Nd5 10.Nc3 e6 11.axb5 cxb5 12.Nxb5 Qd7 13.Nc3 Bb4 14.Nxd5 Bxd5 15.Bxd5 exd5
16.Qd4 O-O 17.e4 Qg4 18.Bf4 dxe4 19.Qxc4 a5 20.Qxe4 h6 21.Rac1 Rac8 22.Kg2 Qe6
23.Rfd1 Rxc1 24.Rxc1 Rd8 25.Rc6 Qd5 26.Qxd5 Rxd5 27.Kf3 Rb5 28.Ke4 Bc5 29.f3 Rb4+
30.Kd3 Bd4 31.Ra6 Bg1 32.Kc2 Rb5 33.Ra8+ Kh7 34.Rf8 a4 35.Bd2 Kg6 36.Re8 Bxh2
37.Bc3 Bxg3 38.e6 Be5 39.exf7 Kxf7 40.Rxe5 Rxe5 41.Bxe5 Ke6 42.Bc7  1-0

[Event "Marbach"]
[Site "Marbach"]
[Date "1994.??.??"]
[Round "?"]
[White "Konopka, Michal"]
[Black "Schmitt, Axel"]
[Result "1/2-1/2"]
[WhiteElo "2440"]
[BlackElo "2350"]

1.Nf3 Nf6 2.c4 c6 3.d4 d5 4.Qb3 Qb6 5.c5 Qxb3 6.axb3 Na6 7.Bf4 Bf5 8.Nc3 Ne4
9.e3 Nb4 10.Ra4 Nc2+ 11.Ke2 f6 12.h3 e5 13.Bh2 Be7 14.g4 Be6 15.Bg2 a5 16.Rc1 Nb4
17.Rca1 Bd8 18.Nxe4 dxe4 19.Nd2 Nc2 20.Rc1 exd4 21.exd4 Nb4 22.Nxe4 h5 23.gxh5 Rxh5
24.Nd6+ Kd7 25.Nxb7 Bxh3 26.Bxh3+ Rxh3 27.Bg3 Rh8 28.Nxd8 Rhxd8 29.Rca1 Nc2
30.Rd1 Nb4 31.Bf4 Nd5 32.Bd2 Rdb8 33.Ra3 Rb5 34.Kd3 Rab8 35.Kc2 a4 36.bxa4 Rxb2+
37.Kd3 Rh8 38.Kc4 Rh2 39.Be1 Rh1 40.Raa1 Rh3 41.Rdc1 Re2 42.Bc3 Rxf2 43.a5 Ne3+
44.Kb3 Kc8 45.a6 Kb8 46.a7+ Ka8 47.Re1 Rff3 48.Bd2 Ng2+ 49.Kc4 Nxe1 50.Rxe1 Rf2
51.Ba5 Rc2+ 52.Kb4 Rb2+ 53.Ka4 Ra2+ 54.Kb4 Rb2+ 55.Kc4 Kxa7 56.Re7+ Rb7 57.Bb6+ Ka6
58.Re6 Rxb6 59.cxb6 Kxb6 60.d5 Rh4+ 61.Kd3 Kc5 62.dxc6 Kd5 63.c7 Rd4+ 64.Ke3 Rc4
65.Re7 g5 66.Kd3 Rc6 67.Rf7 Ke6 68.Rg7 Kf5 69.Kd4 Kf4 70.Kd5 Rc1 71.Ke6 f5
72.Kd7 g4 73.Rg6 Rxc7+ 74.Kxc7 Kf3 75.Kd6 g3 76.Ke5 Kf2 77.Kxf5 g2 78.Ke5 g1=Q
79.Rxg1 Kxg1  1/2-1/2

[Event "Mlada Boleslav op"]
[Site "Mlada Boleslav"]
[Date "1994.??.??"]
[Round "4"]
[White "Chloupek, Stanislav"]
[Black "Sherbakov, Ruslan"]
[Result "1/2-1/2"]
[WhiteElo "2310"]
[BlackElo "2510"]

1.d4 d5 2.Nf3 Nf6 3.c4 c6 4.Qb3 e6 5.g3 Nbd7 6.Bg2 Be7 7.O-O O-O 8.Bf4 Ne4
9.Nfd2 Nd6 10.Nc3 Nf5 11.Nf3 Bf6 12.cxd5 exd5 13.Qd1 Re8 14.Re1 Be7 15.e4 dxe4
16.Nxe4 Nf6 17.Nxf6+ Bxf6 18.Rxe8+ Qxe8 19.Be5 Bxe5 20.dxe5 Be6 21.Qa4 Bd5
22.Re1 Qd8 23.b3 a5 24.Qf4 Ne7 25.Ng5 Ng6 26.Qf5 h6 27.Bxd5 Qxd5 28.Nf3 a4
29.Qe4 Qxe4 30.Rxe4 axb3 31.axb3 Ra1+ 32.Kg2 Rb1 33.e6 Kf8 34.Re3 fxe6 35.Rxe6 Ne7
36.Re3 Nd5 37.Rd3 Ke7 38.Nd4 Rb2 39.Nf5+ Kf6 40.Rf3 Kg6 41.g4 Nf6 42.h3 h5
43.gxh5+ Nxh5 44.Nd6 b5 45.Ne4 Re2 46.Ng3 Rc2 47.Nxh5 Kxh5 48.Rd3 Kg5 49.Kf3 Kf5
50.Ke3 b4 51.Kd4 Kf4 52.Rg3 g5 53.Re3 c5+ 54.Kd5 Rc3 55.Re4+ Kf5 56.Re3 Kg6
57.Ke4 c4 58.bxc4 Rxc4+ 59.Kd5 Rc3 60.Re6+ Kh5 61.Rb6 Rxh3 62.Rxb4 Rf3 63.Rb2 Rf4
64.Ke5 Kg4 65.Ra2 Rf5+ 66.Ke4 Rf8 67.Ke5 Kf3 68.Rb2 g4 69.Ra2 Rb8 70.Kf5 Rb5+
71.Kg6 Re5 72.Rb2 Kf4 73.Rb4+ Kf3 74.Rb2 Ra5 75.Rc2 Ra1 76.Kf5 Ra3 77.Rb2 Ra5+
78.Kg6 Ra1 79.Kf5 Ra4 80.Rc2 Ra5+ 81.Kg6 Ra1 82.Kf5 Rg1 83.Rc4 Kxf2 84.Rxg4 Rxg4
85.Kxg4  1/2-1/2

[Event "Moscow ol (Men)"]
[Site "Moscow"]
[Date "1994.??.??"]
[Round "2"]
[White "Landenbergue, Claude"]
[Black "Cao Sang"]
[Result "1/2-1/2"]
[WhiteElo "2450"]
[BlackElo "2210"]

1.d4 d5 2.c4 c6 3.Nf3 Nf6 4.Qc2 e6 5.g3 Nbd7 6.Bg2 Bb4+ 7.Nbd2 O-O 8.O-O Re8
9.e4 dxe4 10.Nxe4 Nxe4 11.Qxe4 Bd6 12.Bf4 Bxf4 13.Qxf4 Qf6 14.Qe3 Nf8 15.Rad1 Qe7
16.Rfe1 Qb4 17.Qc1 Rd8 18.a3 Qb6 19.Qc3 Bd7 20.h4 Be8 21.b4 f6 22.c5 Qc7
23.Nd2 Bh5 24.Rb1 Bg6 25.Rb2 Qd7 26.Nb3 Bf7 27.Na5 Rab8 28.Rd2 Ng6 29.Nc4 Ne7
30.Bh3 Nd5 31.Qc1 Nc7 32.Nd6 Qe7 33.Rde2 Rxd6 34.cxd6 Qxd6 35.Qc5 Rd8 36.Rd2 Nb5
37.Red1 b6 38.Qc1 Bh5 39.g4 Be8 40.a4 Nc7 41.Bg2 Nd5 42.Bxd5 exd5 43.Qc3 Bd7
44.Qg3 Qxb4 45.Qc7 Qf8 46.f3 Qe7 47.Rf1 Re8 48.Rff2 Qe1+ 49.Kg2 Re7 50.Qd8+ Be8
51.Rd1 Qe6 52.Rdd2 Qe1 53.Rd1 Qe6 54.Rdd2  1/2-1/2

[Event "Moscow ol (Men)"]
[Site "Moscow"]
[Date "1994.??.??"]
[Round "3"]
[White "Sitanggang, Salor"]
[Black "Soylu, Suat"]
[Result "1/2-1/2"]
[WhiteElo "2410"]
[BlackElo "2375"]

1.d4 Nf6 2.Nf3 d5 3.c4 c6 4.Qc2 g6 5.cxd5 cxd5 6.Nc3 Bg7 7.Bf4 O-O 8.e3 Nc6
9.Be2 Bg4 10.h3 Bxf3 11.Bxf3 Rc8 12.O-O e6 13.Rfc1 Qe7 14.Qd2 Ne8 15.Bg4 Nd6
16.b3 Rfd8 17.Rab1 h5 18.Be2 Bf8 19.Qe1 Qf6 20.Bh2 Nf5 21.g4 hxg4 22.hxg4 Nh4
23.f4 g5 24.fxg5 Qxg5 25.Bf4 Qf6 26.g5 Qh8 27.Qf2 Ng6 28.Bg3 Be7 29.Rf1 Qg7
30.Na4 Bxg5 31.Nc5 b6 32.Nb7 Rd7 33.Nd6 Rcd8 34.Nb5 f5 35.Kg2 Kf7  1/2-1/2

[Event "Moscow ol (Men)"]
[Site "Moscow"]
[Date "1994.??.??"]
[Round "4"]
[White "Tu Hoang Thong"]
[Black "Komliakov, Viktor"]
[Result "1-0"]
[WhiteElo "2420"]
[BlackElo "2455"]

1.d4 d5 2.Nf3 Nf6 3.c4 c6 4.g3 Bf5 5.Nc3 e6 6.Qb3 Qb6 7.c5 Qxb3 8.axb3 Ne4
9.Nh4 Nxc3 10.bxc3 Bc2 11.b4 h6 12.f3 Be7 13.Ng2 Bh7 14.e3 O-O 15.Kd2 Rc8
16.Ne1 Bd8 17.Nd3 Nd7 18.Bb2 a5 19.Be2 axb4 20.cxb4 Kf8 21.Bc3 b5 22.cxb6 Nxb6
23.Nc5 Be7 24.Ba6 Rc7 25.Ra5 Rca7 26.Rha1 Ke8 27.Ke2 Rb8 28.Bb5 Rxa5 29.Bxc6+ Kd8
30.Rxa5 Nc8 31.b5 Bd6 32.Nd7  1-0

[Event "Moscow ol (Men)"]
[Site "Moscow"]
[Date "1994.??.??"]
[Round "9"]
[White "Teo Kok Siong"]
[Black "Maynard, Francis"]
[Result "1/2-1/2"]
[WhiteElo "2370"]
[BlackElo "2235"]

1.d4 d5 2.c4 c6 3.Nf3 Nf6 4.g3 Bf5 5.Bg2 e6 6.O-O Nbd7 7.b3 Bd6 8.Bb2 O-O
9.Nc3 h6 10.Nd2 Bg6 11.e4 Bb4 12.cxd5 exd5 13.e5 Qa5 14.exf6 Bxc3 15.Bxc3 Qxc3
16.fxg7 Kxg7 17.Nf3 Rfe8 18.Nh4 Qd3 19.Nxg6 Qxd1 20.Raxd1 fxg6 21.Rfe1 Kf7
22.Bh3 Nf6 23.f3 Rxe1+ 24.Rxe1 Re8 25.Rxe8 Nxe8 26.Kf2 Ke7 27.Ke3 a5 28.Bf1 b6
29.h4 Nd6 30.g4 Kf6 31.Bd3 c5 32.dxc5 bxc5 33.f4 h5 34.g5+ Kf7 35.Kf3 Kg7
36.Ke3 Kf7 37.Kf3 Kg7 38.Ke2 Kf7 39.Ke3 Nc8 40.f5 gxf5 41.Bxf5 Ne7 42.Bd3 Ke6
43.Bh7 Nf5+ 44.Bxf5+ Kxf5 45.Kd3 Ke6 46.a3 Kd6 47.Kc3 Ke5 48.Kd3 Ke6 49.Ke3  1/2-1/2

[Event "Moscow ol (Men)"]
[Site "Moscow"]
[Date "1994.??.??"]
[Round "10"]
[White "Xu Jun"]
[Black "Sokolov, Ivan"]
[Result "1/2-1/2"]
[WhiteElo "2560"]
[BlackElo "2625"]

1.Nf3 d5 2.d4 c6 3.c4 dxc4 4.e3 b5 5.a4 e6 6.b3 Bb4+ 7.Bd2 Bxd2+ 8.Nfxd2 cxb3
9.axb5 b2 10.Ra2 Ne7 11.Rxb2 O-O 12.Nc3 Bb7 13.Nce4 Nd7 14.Nd6 Rb8 15.Nxb7 Rxb7
16.Bd3 c5 17.O-O cxd4 18.exd4 Nf6 19.Nb3 Qd6 20.Qe2 Ned5 21.g3 Rc7 22.Ra1 Rfc8
23.Nc5 Nd7 24.Nxd7 Qxd7 25.Qe5 Rc1+ 26.Rxc1 Rxc1+ 27.Kg2 g6 28.h4 Nc3 29.h5 Qd5+
30.Qxd5 Nxd5 31.Be4 gxh5 32.Bxd5 exd5 33.b6 axb6 34.Rxb6 Rc4  1/2-1/2

[Event "Moscow ol (Men)"]
[Site "Moscow"]
[Date "1994.??.??"]
[Round "10"]
[White "Tu Hoang Thong"]
[Black "Durban Piera, Joan"]
[Result "1-0"]
[WhiteElo "2420"]
[BlackElo "2265"]

1.d4 d5 2.Nf3 Nf6 3.c4 c6 4.g3 Bf5 5.Nc3 e6 6.Qb3 Qb6 7.c5 Qc7 8.Bf4 Qc8
9.Nh4 Be7 10.Nxf5 exf5 11.Bh3 g6 12.f3 Nbd7 13.O-O-O O-O 14.g4 fxg4 15.fxg4 b6
16.Bh6 Re8 17.g5 Nh5 18.cxb6 axb6 19.Kb1 Qd8 20.e4 Nf8 21.Bg4 Nf4 22.h4 dxe4
23.Rdf1 Bd6 24.h5 e3 25.Bxf8 Rxf8 26.hxg6 hxg6 27.Ne4 Kg7 28.Qxe3 Bc7 29.Rxf4 Bxf4
30.Qxf4 Qxd4 31.Rd1  1-0

[Event "Moscow ol (Men)"]
[Site "Moscow"]
[Date "1994.??.??"]
[Round "11"]
[White "Piket, Jeroen"]
[Black "Xu Jun"]
[Result "1-0"]
[WhiteElo "2640"]
[BlackElo "2560"]

1.d4 d5 2.Nf3 c6 3.c4 dxc4 4.e3 b5 5.a4 e6 6.axb5 cxb5 7.b3 Nf6 8.bxc4 b4
9.c5 a5 10.Ne5 Be7 11.Bb5+ Kf8 12.O-O Qc7 13.Bb2 Bb7 14.Qa4 Nd5 15.Nd2 f6
16.Nd3 Nc6 17.Rfc1 Na7 18.Bc4 Nc6 19.Nf3 f5 20.Nfe5 Bf6 21.Bxd5 exd5 22.Nf4 Qc8
23.Qb3 Bxe5 24.dxe5 Ne7 25.e6 Rg8 26.h4 Ng6 27.c6 Bxc6 28.Rxa5 Rxa5 29.Qxb4+ Ke8
30.Qxa5 Nxf4 31.exf4  1-0

[Event "Moscow ol (Men)"]
[Site "Moscow"]
[Date "1994.??.??"]
[Round "14"]
[White "Adianto, Utut"]
[Black "Murshed, Niaz"]
[Result "1-0"]
[WhiteElo "2520"]
[BlackElo "2520"]

1.d4 d5 2.c4 c6 3.Nf3 Nf6 4.g3 dxc4 5.Bg2 Bf5 6.Nbd2 Nbd7 7.Nxc4 e6 8.O-O Be7
9.Bf4 O-O 10.Nd6 Qb6 11.Nxf5 exf5 12.Qc2 g6 13.Rfd1 Nd5 14.Ne5 N7f6 15.Rac1 Nxf4
16.gxf4 Rad8 17.e3 Nd5 18.a3 Rfe8 19.b4 a6 20.Qb3 Bf8 21.Rc2 Re6 22.Rdc1 Qa7
23.Rc4 h6 24.a4 Qb6 25.Rb1 g5 26.fxg5 hxg5 27.b5 cxb5 28.axb5 a5 29.Rbc1 Qd6
30.Rc5 Nb6 31.Bxb7 a4 32.Qa2 f4 33.Bf3 fxe3 34.fxe3 Rf6 35.Rc6 Qa3 36.Qe2 Rdd6
37.R6c3 Qb4 38.Nc6 Rxc6 39.bxc6 a3 40.Bg2  1-0

[Event "New York op"]
[Site "New York"]
[Date "1994.??.??"]
[Round "1"]
[White "Adianto, Utut"]
[Black "Bouchaud, Vincent"]
[Result "1-0"]
[WhiteElo "2535"]
[BlackElo "2235"]

1.d4 d5 2.Nf3 Nf6 3.c4 c6 4.g3 e6 5.Bg2 Nbd7 6.O-O Bd6 7.Qc2 O-O 8.Nbd2 Re8
9.e4 dxe4 10.Nxe4 Nxe4 11.Qxe4 e5 12.Bg5 exd4 13.Qxd4 Qc7 14.Rfe1 Ne5 15.c5 Nxf3+
16.Bxf3 Be5 17.Bf4 f6 18.Rad1 Bf5 19.Bxe5 Rxe5 20.Rxe5 Qxe5 21.Qxe5 fxe5
22.b4 e4 23.Be2 Be6 24.a4 Bd5 25.Kf1 Kf7 26.Ke1 Ke6 27.Kd2 Ke5 28.Ke3 b6
29.Rc1 Rb8 30.b5 Rc8 31.Bg4 Rc7 32.cxb6 axb6 33.Bd1 Ra7 34.bxc6 Rc7 35.Rb1 Rxc6
36.Rb5 Kd6 37.Kf4 g6 38.h4 Rc1 39.Bb3 Bxb3 40.Rxb6+ Kd5 41.Rxb3 Rc4 42.Ra3 Rc6
43.Ra2 Rf6+ 44.Kg5 Ra6 45.a5 e3 46.fxe3 Ke4 47.Kh6 Kf3 48.Kxh7 Kxg3 49.Ra4 Kf3
50.e4 Kg4 51.Kg7 Kxh4 52.Kf7 Kg5 53.e5 Ra7+ 54.Ke6 Ra6+ 55.Kd7 Ra7+ 56.Kc6 Kf5
57.a6 Kxe5 58.Kb6 Ra8 59.Kb7 Rf8 60.Ra1 Rf7+ 61.Kb6 Rd7 62.a7 Rxa7 63.Rxa7 g5
64.Kc5 g4 65.Rg7 Kf4 66.Kd4 Kf3 67.Kd3  1-0

[Event "NLD-ch op"]
[Site "?"]
[Date "1994.??.??"]
[Round "?"]
[White "Ye Rongguang"]
[Black "Van de Oudeweetering, Arthur"]
[Result "1-0"]
[WhiteElo "2510"]
[BlackElo "2330"]

1.d4 d5 2.Nf3 c6 3.c4 dxc4 4.e3 b5 5.a4 e6 6.b3 b4 7.Bxc4 Nf6 8.Nbd2 Bb7
9.Bb2 Be7 10.Ne5 O-O 11.Qf3 Qc7 12.Qg3 Nbd7 13.Rc1 Rad8 14.f4 c5 15.O-O Qb8
16.Bb5 cxd4 17.Bxd4 Nxe5 18.Bxe5 Qa8 19.Nf3 Rc8 20.Rfd1 Rfd8 21.Rxd8+ Rxd8
22.Nd4 g6 23.f5 Nh5 24.fxe6 Rxd4 25.Qf2  1-0

[Event "NLD-sf"]
[Site "?"]
[Date "1994.??.??"]
[Round "1"]
[White "Theulings, Paul Peter"]
[Black "Kroeze, Frank M"]
[Result "1-0"]
[WhiteElo "2065"]
[BlackElo "2405"]

1.Nf3 d5 2.d4 c6 3.c4 dxc4 4.a4 e6 5.Nc3 Bb4 6.Bd2 a5 7.e4 b5 8.axb5 Bxc3
9.Bxc3 cxb5 10.b3 Bb7 11.d5 Nf6 12.bxc4 Nxe4 13.Bxg7 Rg8 14.Qd4 exd5 15.cxb5 Qe7
16.Be2 f6 17.Bh6 Rxg2 18.Nh4 Rxf2 19.Be3 Rxe2+ 20.Kxe2 Qd7 21.Rab1 Qg4+ 22.Nf3 Nc6
23.bxc6 Ba6+ 24.Kd1 Qxf3+ 25.Kc2 Rc8 26.Kb2 Qg2+ 27.Ka1 Bc4 28.Qb2 Qxb2+
29.Kxb2 Rxc6 30.Ra1 Ra6 31.Rhg1 Kf7 32.Rg4 Nd6 33.Bc5 Nb5 34.Re1 Re6 35.Rxe6 Kxe6
36.Rg7 d4 37.Rxh7 f5 38.Bxd4 Nxd4 39.Kc3 Ke5 40.Kxc4 f4 41.Kd3 a4 42.Ra7 Nb3
43.Ke2 Kf5 44.Rxa4 Kg4 45.Rc4 Na5 46.Rc5 Nb3 47.Rd5 Nc1+ 48.Kd2 Nb3+ 49.Kc2 f3
50.Kxb3 f2 51.Rd1 Kh3 52.Rf1 Kg2 53.Rxf2+ Kxf2 54.h4  1-0

[Event "Paris op"]
[Site "Paris"]
[Date "1994.??.??"]
[Round "1"]
[White "Bouton, Christophe"]
[Black "Viot, Alain"]
[Result "0-1"]
[WhiteElo "2255"]
[BlackElo "2190"]

1.d4 d5 2.c4 c6 3.Nf3 Nf6 4.Qc2 e6 5.Bf4 Bb4+ 6.Nbd2 O-O 7.a3 Bd6 8.Bg3 a5
9.e3 Qe7 10.Be2 b6 11.O-O Ba6 12.Rad1 Bxg3 13.hxg3 Nbd7 14.e4 dxe4 15.Nxe4 c5
16.dxc5 Nxe4 17.Qxe4 Nxc5 18.Qf4 a4 19.Qd6 Qxd6 20.Rxd6 Rab8 21.Rfd1 f6 22.Nd4 Rfe8
23.Nc6 Rbc8 24.Nb4 Rb8 25.Nxa6 Nxa6 26.Bf3 Nc5 27.Bc6 Rf8 28.Bb5 Kf7 29.Rc6 Rfc8
30.Rdd6 Rxc6 31.Rxc6 h6 32.Kf1 Kg6 33.Rc7 Rd8 34.Ra7 Rd1+ 35.Ke2 Rb1 36.Be8+ Kh7
37.Bxa4 Rxb2+ 38.Ke3 f5 39.Bc6 Kg6 40.Be8+ Kf6 41.Rf7+ Ke5 42.f4+ Kd6 43.Rxg7 Rxg2
44.Bb5 h5 45.Kf3 Ra2 46.a4 Ne4 47.Rd7+ Kc5 48.Rc7+ Kd4 49.Rd7+ Kc5 50.Rc7+ Kb4
51.Rc6 Kc3 52.Ke3 Nf6  0-1

[Event "Apsap IM"]
[Site "Paris"]
[Date "1994.??.??"]
[Round "4"]
[White "Vareille, Francois"]
[Black "Collas, Didier"]
[Result "0-1"]
[WhiteElo "2365"]
[BlackElo "2330"]

1.d4 d5 2.c4 dxc4 3.Nf3 c6 4.e3 b5 5.a4 e6 6.b3 b4 7.Bxc4 Nf6 8.Bb2 Be7 9.Nbd2 O-O
10.O-O Bb7 11.Qe2 a6 12.Rfd1 Nbd7 13.Ne5 Qc7 14.Nxd7 Qxd7 15.Bd3 c5 16.dxc5 Qc6
17.e4 Bxc5 18.Rac1 Rfd8 19.Nc4 Nxe4 20.Na5 Bxf2+ 21.Qxf2 Nxf2 22.Nxc6 Rxd3
23.Kxf2 Rxd1 24.Ne7+ Kf8 25.Rxd1 Kxe7 26.Bxg7 Rg8 27.Be5 Rxg2+ 28.Kf1 Rc2
29.Bd6+ Ke8 30.Rd4 a5 31.Rh4 Bd5 32.Rxh7 Bxb3 33.h4 Bc4+  0-1

[Event "Passau op"]
[Site "Passau"]
[Date "1994.??.??"]
[Round "?"]
[White "Vasilchenko, Oleg"]
[Black "Trichkov, Vasil"]
[Result "1-0"]
[WhiteElo "2415"]
[BlackElo "2415"]

1.d4 d5 2.c4 c6 3.Nf3 Nf6 4.g3 dxc4 5.Bg2 Nbd7 6.Nc3 e6 7.Bg5 Be7 8.O-O h6
9.Bxf6 Bxf6 10.Ne4 O-O 11.Qc2 e5 12.Rfd1 exd4 13.Nxd4 Bxd4 14.Rxd4 Qb6 15.Rxc4 Ne5
16.Rc5 Qc7 17.Qc3 Ng6 18.b4 Bg4 19.b5 Bxe2 20.bxc6 b6 21.Rd5 Rad8 22.Rd2 Bg4
23.h3 Rxd2 24.Nxd2 Bc8 25.Rc1 Rd8 26.Nb3 Nf8 27.Kh2 Ne6 28.f4 Ba6 29.Qe1 Bd3
30.Rd1 a5 31.Qe3 Bc4 32.Rxd8+ Qxd8 33.f5 Bxb3 34.axb3 Nc5 35.Qe5 Na6 36.f6 gxf6
37.Qh5 Kg7 38.Qg4+ Kf8 39.Qf4 Nc7 40.Qxh6+ Ke7 41.Qe3+ Ne6 42.h4 f5 43.Qe5 Qd3
44.Bd5 f4 45.gxf4 Qd2+ 46.Kg3 Qd3+ 47.Bf3 Qg6+ 48.Kh3 Qd3 49.Qe4 Qxe4 50.Bxe4 Nxf4+
51.Kg4 Ne6 52.h5 Kf6 53.h6 b5 54.Bf5 Nc7 55.h7 Kg7 56.Kf4 f6 57.Ke4 a4 58.bxa4 bxa4
59.Kd3 Nb5 60.Kd2 a3 61.Kc1 Nc7 62.Kb1 Nd5 63.Ka1 Kh8 64.Be4 Ne7 65.c7 Nc8
66.Ka2 Nd6 67.Bd3 Kg7 68.Kxa3 f5 69.Kb4 Kxh7 70.Kc5 Nb7+ 71.Kc6 Na5+ 72.Kb6  1-0

[Event "Peristeri"]
[Site "Peristeri"]
[Date "1994.??.??"]
[Round "5"]
[White "Nikolaidis, Ioannis"]
[Black "Pandavos, Panayotis"]
[Result "1-0"]
[WhiteElo "2460"]
[BlackElo "2400"]

1.d4 d5 2.c4 c6 3.Nf3 dxc4 4.e3 Bg4 5.Bxc4 e6 6.Nc3 Nd7 7.O-O Ngf6 8.e4 b5
9.Be2 b4 10.e5 bxc3 11.exf6 cxb2 12.fxg7 Bxg7 13.Bxb2 O-O 14.Ne5 Bxe2 15.Qxe2 Nxe5
16.dxe5 Qa5 17.Qe3 Rfd8 18.Bc3 Qa6 19.Bb4 Rd3 20.Qe2 Rad8 21.Be7 Re8 22.Bf6 Bxf6
23.exf6 Qc4 24.Rac1 Qd4 25.Rxc6 Rd8 26.Rc7 Qxf6 27.Rxa7 Qd4 28.Ra5 Rd2 29.Qf3 Rd3
30.Qh5 Rd1 31.g3 Rxf1+ 32.Kxf1 Rd5 33.Rxd5 exd5 34.Kg2 Qc4 35.a4 Qxa4 36.Qxd5 h6
37.Kh3 Qa1 38.f4 Qf1+ 39.Kh4 Qf2 40.h3 Qc2 41.Qd8+ Kg7 42.Qd4+ Kg6 43.g4 Kh7
44.Qf6 Qb3 45.Qe5 Qf3 46.f5 Qd3 47.Qf4 Kg7 48.Qb8 Qc3 49.Qd6 Qe3 50.Qd8 Qc3
51.Qb6 Kh7 52.Qd6 Kg7 53.Qe7 Qd4 54.Kh5 Qc3 55.f6+  1-0